[Event "Sommerschach 2022 Vereinsspieler"]
[Site "Dortmund"]
[Date "2022.07.07"]
[Round "4.17"]
[White "Buyken, Florian"]
[Black "Krolik, Wilfried"]
[Result "1-0"]
[WhiteElo "1894"]
[BlackElo "1540"]
[PlyCount "63"]
[EventDate "2022.07.??"]
[EventType "tourn"]
[EventRounds "7"]
[WhiteTeam "PSV Duisburg"]
[BlackTeam "SV Waltrop"]

1. Nf3 Nf6 2. g3 d5 3. Bg2 e6 4. d4 c5 5. O-O Be7 6. dxc5 Bxc5 7. c4 O-O 8. Qc2
Nc6 9. cxd5 Qxd5 10. a3 Qf5 11. e4 Nxe4 12. Nh4 Bxf2+ 13. Rxf2 Qxf2+ 14. Qxf2
Nxf2 15. Kxf2 Ne5 16. Nc3 Rd8 17. Ke2 a5 18. Be4 f5 19. Bc2 b6 20. Bf4 Ba6+ 21.
Kf2 Ng4+ 22. Kg1 h6 23. h3 Nf6 24. Bc7 Rd2 25. Bb3 Kf7 26. Re1 Nd5 27. Nxd5
exd5 28. Nf3 Rd3 29. Ne5+ Kf6 30. Nxd3 Bxd3 31. Bxd5 Rc8 32. Bxb6 1-0

[Event "Sommerschach 2022 Vereinsspieler"]
[Site "Dortmund"]
[Date "2022.07.07"]
[Round "4.18"]
[White "Kendziorra, Sascha"]
[Black "Werner, Patrick"]
[Result "0-1"]
[WhiteElo "1379"]
[BlackElo "1885"]
[PlyCount "76"]
[EventDate "2022.07.??"]
[EventType "tourn"]
[EventRounds "7"]
[BlackTeam "SC Hansa Dortmund"]

1. e4 c6 2. d4 d5 3. e5 Bf5 4. Nf3 e6 5. Be2 Nd7 6. O-O Ne7 7. c4 dxc4 8. Bxc4
Nb6 9. Bb3 Ned5 10. Qe2 Be7 11. Nc3 Qd7 12. Ne4 h6 13. Bd2 g5 14. Rac1 g4 15.
Ne1 h5 16. Ng3 Bg6 17. Bc2 O-O-O 18. Nd3 h4 19. Ne4 Bxe4 20. Qxe4 f5 21. Qe2
Qc7 22. Bb1 Rdf8 23. Nf4 Nxf4 24. Bxf4 Nd5 25. Bd2 Bd8 26. b4 Qg7 27. b5 Bb6
28. bxc6 f4 29. Bd3 f3 30. Qe1 fxg2 31. Kxg2 Bxd4 32. Qe2 Rh5 33. cxb7+ Kb8 34.
Ba6 Nc7 35. Bb4 Rf7 36. Bd6 Bb6 37. Bb5 Rhf5 38. Bc6 Rxf2+ 0-1

[Event "Sommerschach 2022 Vereinsspieler"]
[Site "Dortmund"]
[Date "2022.07.07"]
[Round "4.19"]
[White "Payes, Marco"]
[Black "Allen, Phillipp"]
[Result "0-1"]
[WhiteElo "1630"]
[BlackElo "1618"]
[PlyCount "94"]
[EventDate "2022.07.??"]
[EventType "tourn"]
[EventRounds "7"]
[WhiteTeam "SK Holsterhausen"]
[BlackTeam "SV Erkenschwick"]

1. d4 d5 2. Bf4 c6 3. e3 e6 4. Nd2 f5 5. Ngf3 Nf6 6. Ne5 Nbd7 7. Ndf3 Ne4 8. c3
Ndf6 9. Bd3 Bd6 10. h3 O-O 11. g4 Bd7 12. g5 Nh5 13. g6 h6 14. Nf7 Qe7 15. Bxd6
Nxd6 16. N3e5 Nf6 17. Qf3 Be8 18. Nxd6 Qxd6 19. Qg2 c5 20. Kd2 c4 21. Bc2 b5
22. a3 Nd7 23. f4 Nxe5 24. fxe5 Qb6 25. Rhf1 Bd7 26. Rf4 a5 27. Raf1 Qb7 28. e4
dxe4 29. Bxe4 fxe4 30. Rxf8+ Rxf8 31. Rxf8+ Kxf8 32. Qf2+ Ke8 33. Qf7+ Kd8 34.
Ke3 Bc6 35. Qg8+ Be8 36. Qxe6 Qc6 37. Qg4 Qxg6 38. Qxg6 Bxg6 39. d5 Bf5 40. h4
g5 41. hxg5 hxg5 42. a4 bxa4 43. Kd4 g4 44. Ke3 g3 45. Ke2 g2 46. Kf2 Bh3 47.
d6 e3+ 0-1

[Event "Sommerschach 2022 Vereinsspieler"]
[Site "Dortmund"]
[Date "2022.07.07"]
[Round "4.21"]
[White "Raskin, Vitali"]
[Black "Scholtyßek, Normann"]
[Result "0-1"]
[WhiteElo "1680"]
[BlackElo "1540"]
[PlyCount "72"]
[EventDate "2022.07.??"]
[EventType "tourn"]
[EventRounds "7"]

1. d4 Nf6 2. c4 g6 3. Nf3 Bg7 4. Nc3 O-O 5. e4 d6 6. Be2 Re8 7. d5 e6 8. O-O h6
9. h3 Nbd7 10. Qc2 exd5 11. exd5 Nc5 12. Be3 Bf5 13. Qd1 Nfe4 14. Nd4 Nxc3 15.
bxc3 Bd7 16. Rb1 b6 17. Bg4 f5 18. Bf3 a6 19. Ne6 Bxe6 20. dxe6 Ne4 21. Qd5 Qe7
22. Bxe4 fxe4 23. Qxe4 Qxe6 24. Qc6 Rac8 25. Bd4 Re7 26. Rfe1 Qf7 27. Rxe7 Qxe7
28. Bxb6 Rb8 29. Qd5+ Kh7 30. Rd1 Rxb6 31. Qd3 Rb2 32. a4 Ra2 33. c5 Rxa4 34.
cxd6 cxd6 35. Qxd6 Qxd6 36. Rxd6 Ra1+ 0-1

[Event "Sommerschach 2022 Vereinsspieler"]
[Site "Dortmund"]
[Date "2022.07.07"]
[Round "4.22"]
[White "Klemm, Joachim"]
[Black "Seewald, Robin"]
[Result "1/2-1/2"]
[WhiteElo "1643"]
[BlackElo "1335"]
[PlyCount "44"]
[EventDate "2022.07.??"]
[EventType "tourn"]
[EventRounds "7"]
[WhiteTeam "SU Huckarde-Westerfilde"]
[BlackTeam "SC Marsberg"]

1. Nc3 Nf6 2. Nf3 e6 3. e4 d5 4. Bd3 Bb4 5. Qe2 Bxc3 6. dxc3 dxe4 7. Bxe4 Nxe4
8. Qxe4 Nc6 9. O-O Qe7 10. Bf4 f6 11. Rad1 e5 12. Be3 Be6 13. a3 O-O 14. b4 f5
15. Qd3 Qf7 16. Ng5 e4 17. Nxf7 exd3 18. Nh6+ gxh6 19. cxd3 h5 20. Rfe1 Rfe8
21. d4 Rad8 22. Bf4 Bf7 1/2-1/2

[Event "Sommerschach 2022 Vereinsspieler"]
[Site "Dortmund"]
[Date "2022.07.07"]
[Round "4.23"]
[White "Wieschermann, Axel"]
[Black "Nguyen, Dang Khoa"]
[Result "1-0"]
[WhiteElo "1630"]
[BlackElo "1222"]
[PlyCount "67"]
[EventDate "2022.07.??"]
[EventType "tourn"]
[EventRounds "7"]
[WhiteTeam "SG Winz-Baak"]
[BlackTeam "SF Brackel"]

1. d4 d5 2. c4 e6 3. cxd5 exd5 4. Nc3 Nf6 5. Bg5 Be6 6. e3 a6 7. Bd3 Be7 8.
Nge2 h6 9. Bh4 O-O 10. Qb3 Nc6 11. O-O Qd7 12. Rac1 b5 13. Bb1 Na5 14. Qc2 g6
15. b3 Bf5 16. Qb2 Bxb1 17. Qxb1 c6 18. Nd1 Rfe8 19. Nb2 Ne4 20. Bxe7 Rxe7 21.
Qc2 Rc8 22. Nd3 Qd6 23. Nc5 Nxc5 24. Qxc5 Qxc5 25. Rxc5 Nb7 26. Rc2 Nd6 27.
Rfc1 Rec7 28. Nf4 Ne8 29. Nd3 a5 30. Ne5 Ra7 31. Nxc6 Rxc6 32. Rxc6 Kg7 33.
R1c5 Nf6 34. Rxb5 1-0

[Event "Sommerschach 2022 Vereinsspieler"]
[Site "Dortmund"]
[Date "2022.07.07"]
[Round "4.24"]
[White "Schwedhelm, Dennis"]
[Black "Brügmann, Cedric"]
[Result "1/2-1/2"]
[WhiteElo "1227"]
[BlackElo "1626"]
[PlyCount "45"]
[EventDate "2022.07.??"]
[EventType "tourn"]
[EventRounds "7"]
[WhiteTeam "SV Erkenschwick"]
[BlackTeam "SG Bochum"]

1. d4 Nf6 2. c4 g6 3. Nc3 Bg7 4. e3 d6 5. h3 O-O 6. Nf3 c5 7. d5 Nbd7 8. Bd3 a6
9. Qc2 Qc7 10. O-O Re8 11. b3 Nf8 12. Re1 e6 13. Bb2 e5 14. e4 Nh5 15. Ne2 Qe7
16. Qd2 h6 17. Rad1 f5 18. Ng3 f4 19. Nxh5 gxh5 20. b4 b6 21. a3 Ng6 22. Qe2 h4
23. Nh2 1/2-1/2

[Event "Sommerschach 2022 Vereinsspieler"]
[Site "Dortmund"]
[Date "2022.07.07"]
[Round "4.25"]
[White "Blockhaus, Tobias"]
[Black "Zabel, Reinhard"]
[Result "1-0"]
[WhiteElo "1759"]
[BlackElo "1435"]
[PlyCount "101"]
[EventDate "2022.07.??"]
[EventType "tourn"]
[EventRounds "7"]
[BlackTeam "SC Doppelbauer Brambauer"]

1. e4 e5 2. Bc4 Nf6 3. d3 Nc6 4. Nc3 Bc5 5. Nf3 d6 6. Na4 Bb6 7. c3 O-O 8. Nxb6
axb6 9. Bg5 Be6 10. Bxe6 fxe6 11. O-O Qd7 12. Qe2 Qf7 13. a3 Nh5 14. Rae1 Nf4
15. Bxf4 Qxf4 16. Nd2 Rf7 17. g3 Qf6 18. f3 Raf8 19. Rf2 Qg5 20. Kg2 Ne7 21. h4
Qg6 22. Nc4 Qf6 23. Ne3 h5 24. Nc2 g5 25. hxg5 Qxg5 26. Qe3 Qg6 27. Rh1 Rg7 28.
Rh3 Qf7 29. Ne1 Ng6 30. Kf1 Ne7 31. Ke2 Qg6 32. Rg2 Qg5 33. Rgh2 Qxe3+ 34. Kxe3
d5 35. Rxh5 Rxg3 36. Rxe5 Rf6 37. Kf2 Rgg6 38. Rg2 dxe4 39. dxe4 Nc6 40. Rxg6+
Rxg6 41. Rh5 Na5 42. Nd3 c5 43. Ne5 Rg7 44. f4 Nc6 45. Nxc6 bxc6 46. Rg5 Rxg5
47. fxg5 Kg7 48. Kf3 e5 49. Kg4 Kg6 50. a4 c4 51. Kh4 1-0

[Event "Sommerschach 2022 Vereinsspieler"]
[Site "Dortmund"]
[Date "2022.07.07"]
[Round "4.26"]
[White "Stork, Bernhard"]
[Black "Steinke, Hans-Jörg"]
[Result "1/2-1/2"]
[WhiteElo "1451"]
[BlackElo "1721"]
[PlyCount "46"]
[EventDate "2022.07.??"]
[EventType "tourn"]
[EventRounds "7"]
[WhiteTeam "Dortmunder SV"]
[BlackTeam "SV Erkenschwick"]

1. d4 Nf6 2. Nf3 g6 3. b3 Bg7 4. Bb2 O-O 5. e3 d5 6. Bd3 Nbd7 7. Nbd2 c5 8. O-O
Qc7 9. c4 e6 10. Qc2 cxd4 11. exd4 dxc4 12. Qxc4 Qxc4 13. Nxc4 Nd5 14. Ba3 Rd8
15. Rac1 b5 16. Na5 b4 17. Bb2 N7b6 18. Be4 Ba6 19. Rfe1 Rac8 20. g3 Bh6 21.
Rc5 Bf8 22. Rcc1 Bh6 23. Rc5 Bf8 1/2-1/2

[Event "Sommerschach 2022 Vereinsspieler"]
[Site "Dortmund"]
[Date "2022.07.07"]
[Round "4.27"]
[White "Bensch, Christian"]
[Black "Lebioda-Dette, Kordula"]
[Result "0-1"]
[WhiteElo "1323"]
[BlackElo "1693"]
[PlyCount "56"]
[EventDate "2022.07.??"]
[EventType "tourn"]
[EventRounds "7"]
[WhiteTeam "SC Wambel"]
[BlackTeam "SF Essen-Werden"]

1. e4 e5 2. Nf3 Nc6 3. Bc4 Be7 4. d4 d6 5. c3 Bd7 6. O-O Nf6 7. Nbd2 O-O 8. Re1
a6 9. a4 Bg4 10. Qc2 Re8 11. b4 exd4 12. cxd4 d5 13. exd5 Nxd5 14. Qb3 Be6 15.
Ba3 Bf6 16. Bxd5 Qxd5 17. Qxd5 Bxd5 18. Bb2 Nxb4 19. Rac1 Nd3 20. Rxe8+ Rxe8
21. Rb1 h6 22. Ba1 Re2 23. Rd1 Nf4 24. Kf1 Bxf3 25. Nxf3 Ra2 26. g3 Nd5 27. Ne5
Rxa4 28. f4 Ne3+ 0-1

[Event "Sommerschach 2022 Vereinsspieler"]
[Site "Dortmund"]
[Date "2022.07.07"]
[Round "4.28"]
[White "Jähnicke, Karl-Heinz"]
[Black "Foltin, Alica"]
[Result "1-0"]
[WhiteElo "1823"]
[BlackElo "1456"]
[PlyCount "67"]
[EventDate "2022.07.??"]
[EventType "tourn"]
[EventRounds "7"]
[WhiteTeam "SV Rochade Eving"]
[BlackTeam "SV Waltrop"]

1. d4 Nf6 2. c4 c5 3. e3 g6 4. Nc3 cxd4 5. exd4 Bg7 6. Nf3 O-O 7. Be2 d5 8. O-O
Nc6 9. h3 b6 10. Bg5 Ne4 11. Be3 e6 12. Rc1 Bb7 13. Bd3 f5 14. cxd5 exd5 15.
Nxd5 Nxd4 16. Nc7 Nxf3+ 17. Qxf3 Nc5 18. Bc4+ Kh8 19. Qg3 Ne4 20. Qh2 Bxb2 21.
Rcd1 Qf6 22. Nxa8 Bxa8 23. Bh6 Rc8 24. Rd7 Be5 25. Bf4 Bxf4 26. Qxf4 g5 27. Qh2
f4 28. Bd3 Qe6 29. Rxa7 Qd5 30. Bxe4 Qxe4 31. h4 gxh4 32. f3 Qe3+ 33. Kh1 Qe2
34. Rg1 1-0

[Event "Sommerschach 2022 Vereinsspieler"]
[Site "Dortmund"]
[Date "2022.07.07"]
[Round "4.29"]
[White "Nathe, Nico"]
[Black "Schulz, Robin"]
[Result "1-0"]
[WhiteElo "1563"]
[BlackElo "1496"]
[PlyCount "73"]
[EventDate "2022.07.??"]
[EventType "tourn"]
[EventRounds "7"]
[WhiteTeam "SV Rochade Eving"]
[BlackTeam "SC Gerthe - Werne"]

1. d4 d6 2. Nf3 Nd7 3. c4 Ngf6 4. Nc3 e5 5. e3 b6 6. Be2 Be7 7. O-O O-O 8. b3
Bb7 9. Bb2 e4 10. Nd2 Re8 11. Qc2 Bf8 12. d5 Qe7 13. Nb5 Nc5 14. b4 a6 15. Nd4
Ncd7 16. Nc6 Bxc6 17. dxc6 Nb8 18. b5 axb5 19. cxb5 d5 20. a4 Qc5 21. Bc3 Bd6
22. Nb3 Bxh2+ 23. Kxh2 Qd6+ 24. g3 Re6 25. Nd4 Re5 26. Rh1 h5 27. Kg2 Rg5 28.
Rh4 Ng4 29. Bxg4 hxg4 30. Rah1 f6 31. Qb3 Kf7 32. Rh5 Qe5 33. Ne2 Qd6 34. Rxg5
fxg5 35. Rh7 Nxc6 36. Rxg7+ Kf8 37. bxc6 1-0

[Event "Sommerschach 2022 Vereinsspieler"]
[Site "Dortmund"]
[Date "2022.07.07"]
[Round "4.30"]
[White "Haufe, Ulrich"]
[Black "Mücke, Lukas Benedikt"]
[Result "0-1"]
[WhiteElo "1331"]
[BlackElo "1463"]
[PlyCount "66"]
[EventDate "2022.07.??"]
[EventType "tourn"]
[EventRounds "7"]
[WhiteTeam "SU Huckarde-Westerfilde"]
[BlackTeam "SV Waltrop"]

1. e4 c5 2. d3 Nc6 3. f4 e6 4. Nf3 d5 5. e5 Nge7 6. c3 d4 7. g3 Nf5 8. Qe2 b5
9. Na3 a6 10. Nc2 Bb7 11. Bg2 Be7 12. O-O c4 13. dxc4 d3 14. Qe4 dxc2 15. cxb5
Qb6+ 16. Kh1 Ncd4 17. Qd3 Nxf3 18. Bxf3 Rd8 19. Qxc2 Qxb5 20. Rf2 Bc5 21. Bxb7
Bxf2 22. Qxf2 Qxb7+ 23. Kg1 Qd5 24. Qe1 O-O 25. b3 Qc5+ 26. Kg2 Rd7 27. g4 Ne7
28. Be3 Qd5+ 29. Kg3 Rfd8 30. Bd4 Nc6 31. Rd1 Nxd4 32. Rxd4 Qa5 33. Qd2 Rxd4
0-1

[Event "Sommerschach 2022 Vereinsspieler"]
[Site "Dortmund"]
[Date "2022.07.07"]
[Round "4.31"]
[White "Schoppe, Hans-Werner"]
[Black "Shelukie, Magd"]
[Result "0-1"]
[WhiteElo "1221"]
[BlackElo "1637"]
[PlyCount "69"]
[EventDate "2022.07.??"]
[EventType "tourn"]
[EventRounds "7"]
[WhiteTeam "SVG Marten-Bövinghausen"]
[BlackTeam "Bergische SF"]

1. c4 b6 2. d4 Bb7 3. Nc3 e6 4. e4 Bb4 5. Bd3 Nc6 6. Nf3 d5 7. exd5 exd5 8.
Qe2+ Nge7 9. O-O dxc4 10. Be4 O-O 11. Be3 f5 12. Bxc6 Bxc6 13. Qxc4+ Kh8 14.
Qxb4 Bxf3 15. gxf3 f4 16. Bd2 Ng6 17. Ne2 c5 18. dxc5 bxc5 19. Qc3 Qh4 20. Kh1
Rf6 21. Ng3 fxg3 22. fxg3 Qh3 23. f4 Rd8 24. Rad1 Rfd6 25. Rf2 Rd3 26. Qxc5 Qg4
27. Qc2 Ne7 28. Re1 Qd7 29. Ree2 Nf5 30. Kg1 h6 31. Kf1 Qb5 32. a4 Qa6 33. b4
Nd4 34. b5 Qb7 35. Qxd3 0-1

[Event "Sommerschach 2022 Vereinsspieler"]
[Site "Dortmund"]
[Date "2022.07.07"]
[Round "4.32"]
[White "Strotmann, Dieter"]
[Black "Orlowski, Wilfried"]
[Result "0-1"]
[WhiteElo "1168"]
[BlackElo "1544"]
[PlyCount "118"]
[EventDate "2022.07.??"]
[EventType "tourn"]
[EventRounds "7"]
[WhiteTeam "SVG Marten-Bövinghausen"]

1. d4 Nf6 2. c4 e6 3. Nf3 c5 4. Bf4 cxd4 5. Qxd4 Nc6 6. Qd1 Bb4+ 7. Bd2 Bxd2+
8. Nbxd2 O-O 9. e3 d5 10. cxd5 Nxd5 11. Bc4 a6 12. O-O b5 13. Bxd5 Qxd5 14. a3
Bb7 15. Nb3 Rfd8 16. Qxd5 Rxd5 17. Rac1 a5 18. Nc5 Ba6 19. Nxa6 Rxa6 20. Nd4
Ne7 21. Rc7 Ng6 22. Rfc1 Ra8 23. Kf1 b4 24. Rc8+ Rd8 25. Rxd8+ Rxd8 26. Nc6 Rc8
27. Rc4 bxa3 28. bxa3 a4 29. Na5 Rxc4 30. Nxc4 Kf8 31. Nb2 Ne5 32. Nxa4 Nc4 33.
Nc3 Nxa3 34. Ne4 Nc4 35. g4 h6 36. h4 Ke7 37. Ke2 f6 38. f4 f5 39. gxf5 exf5
40. Ng3 Kf6 41. Kd3 Nd6 42. e4 fxe4+ 43. Nxe4+ Nxe4 44. Kxe4 g6 45. Kf3 Kf5 46.
Kg3 h5 47. Kf3 Kf6 48. Ke4 Ke6 49. Kf3 Kd5 50. Ke3 Kd6 51. Ke4 Ke6 52. Ke3 Kf7
53. Kf3 Kf6 54. Ke4 Ke6 55. Kf3 Kf5 56. Ke3 Kg4 57. Ke4 Kxh4 58. f5 gxf5+ 59.
Kxf5 Kg3 0-1

[Event "Sommerschach 2022 Vereinsspieler"]
[Site "Dortmund"]
[Date "2022.07.07"]
[Round "4.33"]
[White "Scholtyßek, Norbert"]
[Black "Arnoldi, Ekkehard"]
[Result "0-1"]
[WhiteElo "1542"]
[BlackElo "1576"]
[PlyCount "126"]
[EventDate "2022.07.??"]
[EventType "tourn"]
[EventRounds "7"]
[WhiteTeam "SF Lünen"]
[BlackTeam "SVG Plettenberg"]

1. b3 e5 2. Bb2 d6 3. g3 g6 4. Bg2 c6 5. e3 Bg7 6. c4 Nf6 7. Ne2 O-O 8. O-O e4
9. Nbc3 d5 10. cxd5 cxd5 11. d3 Qe7 12. Qd2 Rd8 13. Rfd1 Bg4 14. h3 Bf3 15.
Bxf3 exf3 16. Nd4 Qd7 17. Kh2 Nc6 18. Nxf3 Rac8 19. Ne2 h5 20. Rac1 Qd6 21. a3
a5 22. Kg2 Bh6 23. Qc3 Bg7 24. Qd2 Bh6 25. Bxf6 Qxf6 26. d4 g5 27. Nh2 Qg6 28.
Qd3 f5 29. g4 hxg4 30. hxg4 Ne7 31. Ng3 Rf8 32. gxf5 Qd6 33. Ng4 Rxc1 34. Rxc1
Bg7 35. Rh1 Bf6 36. Nh6+ Kg7 37. Ne4 dxe4 38. Qxe4 Qc6 39. f3 Qxe4 40. fxe4 Rh8
41. Ng4 Rxh1 42. Kxh1 Nc6 43. d5 Ne5 44. Nf2 b5 45. Kg2 Be7 46. a4 b4 47. Kf1
Bc5 48. Ke2 Kf6 49. Nh1 Ng4 50. Ng3 Nxe3 51. Nh5+ Ke5 52. Kd3 g4 53. f6 Nd1 54.
f7 Nc3 55. Ng3 Kf6 56. Kc4 Bf8 57. Nf5 Kxf7 58. e5 Kg6 59. d6 Kxf5 60. d7 Be7
61. Kd4 g3 62. Ke3 Kxe5 63. Kf3 Ne4 0-1

[Event "Sommerschach 2022 Vereinsspieler"]
[Site "Dortmund"]
[Date "2022.07.07"]
[Round "4.34"]
[White "Sutharjan, Dakxwin"]
[Black "Hagelskamp, Fabio"]
[Result "1-0"]
[WhiteElo "1309"]
[BlackElo "1084"]
[PlyCount "33"]
[EventDate "2022.07.??"]
[EventType "tourn"]
[EventRounds "7"]
[WhiteTeam "SF Brackel"]
[BlackTeam "SV Waltrop"]

1. e4 e5 2. d4 exd4 3. c3 dxc3 4. Bc4 d6 5. Nxc3 Nc6 6. Nf3 Bg4 7. Qb3 Qd7 8.
Ng5 Nh6 9. Nxf7 Nxf7 10. Bxf7+ Kd8 11. Bd5 Rb8 12. Bg5+ Kc8 13. h3 Nd4 14. Qc4
Be6 15. Qxd4 Bxd5 16. Nxd5 c6 17. Qxa7 1-0

[Event "Sommerschach 2022 Vereinsspieler"]
[Site "Dortmund"]
[Date "2022.07.07"]
[Round "4.35"]
[White "Mokros, Jürgen"]
[Black "Cassel, Silas"]
[Result "0-1"]
[WhiteElo "1611"]
[BlackElo "1172"]
[PlyCount "79"]
[EventDate "2022.07.??"]
[EventType "tourn"]
[EventRounds "7"]
[WhiteTeam "FS Dortmund"]
[BlackTeam "SF Brackel"]

1. Nf3 d5 2. b3 Nf6 3. Bb2 Nbd7 4. d4 e6 5. Nbd2 c5 6. e3 Bd6 7. Bd3 b6 8. Ne5
Qc7 9. f4 Bb7 10. O-O O-O 11. Rc1 a5 12. a4 Nb8 13. Qf3 Ba6 14. g4 Ne8 15. Qh3
Bxd3 16. Nxd3 c4 17. bxc4 dxc4 18. Qg2 Ra7 19. Ne4 cxd3 20. cxd3 Qd7 21. Ra1
Bb4 22. g5 Nd6 23. Nf2 Nf5 24. Ng4 Kh8 25. Qf2 Rc7 26. e4 Nd6 27. d5 Bc5 28. d4
Bb4 29. Ne5 Qe7 30. Qf3 exd5 31. exd5 Nc4 32. Nxc4 Rxc4 33. Rad1 Re8 34. Qf2
Qe3 35. Qxe3 Rxe3 36. Rc1 Rxc1 37. Rxc1 Re1+ 38. Rxe1 Bxe1 39. d6 Bd2 40. Kg2
0-1

[Event "Sommerschach 2022 Vereinsspieler"]
[Site "Dortmund"]
[Date "2022.07.07"]
[Round "4.36"]
[White "Sieberg, Rolf"]
[Black "Griese, Andreas"]
[Result "1/2-1/2"]
[WhiteElo "1891"]
[BlackElo "1151"]
[PlyCount "51"]
[EventDate "2022.07.??"]
[EventType "tourn"]
[EventRounds "7"]
[WhiteTeam "Sport Union Annen"]
[BlackTeam "SC Hansa Dortmund"]

1. e4 c5 2. c3 e5 3. Nf3 Nc6 4. Bb5 d6 5. O-O Nf6 6. d4 cxd4 7. cxd4 a6 8.
Bxc6+ bxc6 9. dxe5 Nxe4 10. Re1 d5 11. Nd4 Qc7 12. Qc2 Be7 13. f3 Nc5 14. Nc3
Ne6 15. Nf5 Bc5+ 16. Be3 Bxe3+ 17. Rxe3 d4 18. Nd6+ Ke7 19. Nf5+ Kf8 20. Rd3
dxc3 21. Rad1 Qb6+ 22. Kh1 Ra7 23. Rxc3 c5 24. Nd6 Ke7 25. Nf5+ Ke8 26. Nd6+
1/2-1/2

[Event "Sommerschach 2022 Vereinsspieler"]
[Site "Dortmund"]
[Date "2022.07.07"]
[Round "4.37"]
[White "Grimme, Rudolf"]
[Black "Volmer, Martin"]
[Result "1/2-1/2"]
[WhiteElo "1382"]
[BlackElo "1560"]
[PlyCount "65"]
[EventDate "2022.07.??"]
[EventType "tourn"]
[EventRounds "7"]
[WhiteTeam "SVG Marten-Bövinghausen"]
[BlackTeam "SG Mengede"]

1. e4 c5 2. Nf3 e6 3. Be2 Nc6 4. d3 Be7 5. Bd2 Nf6 6. Bc3 O-O 7. Nbd2 d5 8.
exd5 exd5 9. Bxf6 Bxf6 10. c3 Re8 11. O-O Bg4 12. h3 Bh5 13. Re1 Qc7 14. Bf1
Bg6 15. Rxe8+ Rxe8 16. Qa4 Re6 17. Re1 Qe7 18. Rxe6 Qxe6 19. Qd1 d4 20. c4 a6
21. a3 h6 22. Qe1 Qxe1 23. Nxe1 b6 24. f4 Be7 25. g3 Bh7 26. Bg2 Nd8 27. Bd5 g5
28. Be4 f5 29. Bd5+ Kg7 30. Ng2 Bg6 31. Kf2 Bh5 32. Nf3 Bf6 33. h4 1/2-1/2

[Event "Sommerschach 2022 Hobbyspieler"]
[Site "Dortmund"]
[Date "2022.07.07"]
[Round "4.1"]
[White "Flottau, Kilian"]
[Black "Püttmann, Luca"]
[Result "0-1"]
[WhiteElo "1200"]
[BlackElo "1263"]
[PlyCount "98"]
[EventDate "2022.07.??"]
[EventType "tourn"]
[EventRounds "7"]
[BlackTeam "SV Kamen"]

1. e4 c5 2. Nc3 d6 3. f4 Nf6 4. Bc4 e6 5. Nf3 Nc6 6. O-O Be7 7. d3 a6 8. a4 O-O
9. Qe1 Re8 10. f5 d5 11. Bb3 Bf8 12. Qh4 dxe4 13. Ng5 Qd4+ 14. Kh1 h6 15. fxe6
Bxe6 16. Nxe6 fxe6 17. Bxh6 exd3 18. Rf4 Qe5 19. cxd3 Qh5 20. Bg5 Qxh4 21. Bxh4
Nd4 22. Ba2 Bd6 23. Rf2 Ng4 24. Rff1 Nxh2 25. Rfe1 Nc2 26. Rxe6 Rxe6 27. Bxe6+
Kh8 28. Rd1 Re8 29. Bc4 Ng4 30. Rf1 Nce3 31. Re1 Rf8 32. Kg1 Nf5 33. Bg5 Nd4
34. Rf1 Ne5 35. Rxf8+ Bxf8 36. Kf2 Kh7 37. Ke3 Kg6 38. Bf4 Kf5 39. Bd5 Ng4+ 40.
Kd2 Kxf4 41. Bxb7 a5 42. Nd5+ Ke5 43. Kc3 Nf6 44. Nb6 Kd6 45. Nc4+ Kc7 46. Ba8
Nd7 47. Nxa5 Nb6 48. Be4 Nxa4+ 49. Kc4 Nxb2+ 0-1

[Event "Sommerschach 2022 Hobbyspieler"]
[Site "Dortmund"]
[Date "2022.07.07"]
[Round "4.2"]
[White "Dziuk, Dariusz"]
[Black "Schulz, Wolfgang"]
[Result "1-0"]
[WhiteElo "1082"]
[BlackElo "938"]
[PlyCount "97"]
[EventDate "2022.07.??"]
[EventType "tourn"]
[EventRounds "7"]
[WhiteTeam "SV Unna"]
[BlackTeam "SC Gerthe - Werne"]

1. e4 e6 2. d4 d5 3. e5 Nc6 4. Nf3 Be7 5. a3 a6 6. Be3 Na7 7. c4 c6 8. c5 b6 9.
cxb6 Qxb6 10. b4 Bd8 11. Bd3 Ne7 12. O-O O-O 13. Qc2 g6 14. Nc3 f6 15. exf6
Rxf6 16. Bg5 Rf8 17. Ne2 Qc7 18. Ne5 Nf5 19. f4 Nh4 20. Bh6 Re8 21. g3 Nf5 22.
Bxf5 exf5 23. Rfe1 Qd6 24. Qc5 Qxc5 25. bxc5 Rb8 26. Rab1 Bc7 27. Rxb8 Bxb8 28.
Rb1 Bc7 29. a4 Be6 30. Rb7 Nb5 31. axb5 axb5 32. Rxc7 b4 33. Rb7 Ra8 34. Rxb4
Bc8 35. Kf2 Be6 36. Nxc6 Kf7 37. Rb7+ Kg8 38. h4 Re8 39. Rb8 Bc8 40. Rxc8 Kf7
41. Rxe8 Kxe8 42. Nc3 Kd7 43. Ne5+ Ke6 44. Nb5 Ke7 45. Bg5+ Ke8 46. c6 h6 47.
Bf6 g5 48. c7 gxf4 49. c8=Q# 1-0

[Event "Sommerschach 2022 Hobbyspieler"]
[Site "Dortmund"]
[Date "2022.07.07"]
[Round "4.3"]
[White "Bonn, Marcel"]
[Black "Rogner, Alex"]
[Result "0-1"]
[WhiteElo "832"]
[BlackElo "1040"]
[PlyCount "60"]
[EventDate "2022.07.??"]
[EventType "tourn"]
[EventRounds "7"]
[WhiteTeam "SC Hansa Dortmund"]
[BlackTeam "SF Brackel"]

1. e4 e5 2. Nc3 Nf6 3. Bc4 Nc6 4. Nge2 Bc5 5. d3 h6 6. O-O d6 7. h3 O-O 8. Be3
Bb6 9. Bxb6 axb6 10. f4 Be6 11. Nd5 Na5 12. Nxf6+ Qxf6 13. Bxe6 fxe6 14. Qd2
Rae8 15. Ng3 exf4 16. d4 e5 17. d5 Nc4 18. Qc3 Ne3 19. Rf3 Rc8 20. Nf1 Nxf1 21.
Raxf1 Qg5 22. a4 c6 23. Qd2 Rc7 24. c4 Rfc8 25. Qb4 cxd5 26. cxd5 Rc2 27. R1f2
Rxf2 28. Rxf2 Rc1+ 29. Rf1 f3 30. g4 Qe3+ 0-1

[Event "Sommerschach 2022 Hobbyspieler"]
[Site "Dortmund"]
[Date "2022.07.07"]
[Round "4.4"]
[White "Bässler, Michael"]
[Black "Westermann, Thomas"]
[Result "1-0"]
[WhiteElo "996"]
[BlackElo "1200"]
[PlyCount "47"]
[EventDate "2022.07.??"]
[EventType "tourn"]
[EventRounds "7"]
[WhiteTeam "SC Hansa Dortmund"]

1. d4 d5 2. Bf4 Nf6 3. e3 e6 4. Nf3 Nc6 5. Nbd2 Be7 6. Bd3 Nh5 7. Bg3 Nxg3 8.
hxg3 h6 9. Qe2 Qd6 10. c4 b6 11. g4 g5 12. a3 Bb7 13. Rc1 dxc4 14. Nxc4 Qd7 15.
Nce5 Nxe5 16. Nxe5 Qd6 17. Bb5+ Kf8 18. Ba6 Bxg2 19. Rh2 Be4 20. f3 Bg6 21. Bb7
Rd8 22. Be4 Bxe4 23. fxe4 Kg7 24. Rc6 1-0

[Event "Sommerschach 2022 Hobbyspieler"]
[Site "Dortmund"]
[Date "2022.07.07"]
[Round "4.5"]
[White "Böckmann, Lieselotte"]
[Black "Libert, Nick"]
[Result "0-1"]
[WhiteElo "954"]
[BlackElo "1027"]
[PlyCount "56"]
[EventDate "2022.07.??"]
[EventType "tourn"]
[EventRounds "7"]
[WhiteTeam "FS Dortmund"]
[BlackTeam "SF Brackel"]

1. g3 e5 2. Bg2 Nf6 3. d3 d5 4. Nc3 Nc6 5. Bg5 Be7 6. Nf3 h6 7. Bd2 O-O 8. O-O
Bf5 9. Ne1 Qd7 10. e4 dxe4 11. dxe4 Bg4 12. f3 Bh5 13. Kh1 Bb4 14. Nd3 Bxc3 15.
Nc5 Qxd2 16. bxc3 Qxc3 17. Nb3 Nxe4 18. Qe2 Nf6 19. Qf2 a5 20. Nc1 Qxa1 21. Re1
Rfe8 22. Bf1 e4 23. g4 Bg6 24. Kg2 exf3+ 25. Kxf3 Rxe1 26. Qxe1 Nd4+ 27. Kg3
Re8 28. Qd2 Ne4+ 0-1

[Event "Sommerschach 2022 Hobbyspieler"]
[Site "Dortmund"]
[Date "2022.07.07"]
[Round "4.6"]
[White "Lin, Amy"]
[Black "Schmidt, Andreas Norbert"]
[Result "0-1"]
[WhiteElo "1200"]
[BlackElo "1124"]
[PlyCount "66"]
[EventDate "2022.07.??"]
[EventType "tourn"]
[EventRounds "7"]
[WhiteTeam "Ewaldi Aplerbeck"]
[BlackTeam "SF Brackel"]

1. e4 e5 2. Nc3 Nf6 3. Be2 Nc6 4. Nf3 Bc5 5. O-O d5 6. exd5 Nxd5 7. Ne4 Bb6 8.
Rb1 h6 9. c4 Nf4 10. g3 Nh3+ 11. Kh1 Bf5 12. d3 Bxe4 13. dxe4 Qxd1 14. Rxd1
Nxf2+ 15. Kg2 Nxd1 16. Bxd1 Rd8 17. Nd2 Be3 18. Kf1 Bxd2 19. Bxd2 Rxd2 20. Ke1
Rxh2 21. c5 O-O 22. Rc1 Nb4 23. Bb3 Nd3+ 24. Kd1 Nxc1 25. Kxc1 Kh7 26. Bd5 f5
27. exf5 Rxf5 28. Bc4 e4 29. Kd1 Re5 30. g4 e3 31. Bd3+ Kh8 32. Ke1 Rxc5 33. a4
Rc1# 0-1